Meditations on the I'sa Upanisad/ (Record no. 192201)

MARC details
000 -LEADER
fixed length control field 00524nam a22001817a 4500
005 - DATE AND TIME OF LATEST TRANSACTION
control field 20220913154140.0
010 ## - LCCN (DPL NO)
LC control number ENG-135045
020 ## - INTERNATIONAL STANDARD BOOK NUMBER
International Standard Book Number 978-93-84721-47-3
Terms of availability 350.00
035 ## - SYSTEM CONTROL NUMBER
System control number EN-118577
037 ## - SOURCE OF ACQUISITION
Source of stock number/acquisition DBAD/PUB
082 ## - DEWEY DECIMAL CLASSIFICATION NUMBER
Classification number 294.543
100 ## - MAIN ENTRY--PERSONAL NAME
Personal name Banerji, Debashish
245 ## - TITLE STATEMENT
Title Meditations on the I'sa Upanisad/
Statement of responsibility, etc Debasish Banerji
260 ## - PUBLICATION, DISTRIBUTION, ETC. (IMPRINT)
Name of publisher, distributor, etc Sri Aurobindo Samiti
Date of publication, distribution, etc 2020
270 ## - ADDRESS
City Kolkatta
Address 8, Shakespeare Sarani
Postal code 700073
300 ## - PHYSICAL DESCRIPTION
Extent 142p.
Dimensions 21cm(hbk)
942 ## - ADDED ENTRY ELEMENTS (KOHA)
Source of classification or shelving scheme Dewey Decimal Classification
Item type English Books
Classification part 294.543
Call number suffix BAN
Holdings
Withdrawn status Lost status Not for loan Collection code Home library Current library Date acquired Source of acquisition Cost, normal purchase price Full call number Barcode Copy number Cost, replacement price Koha item type
      Non-fiction Shahdara Branch Shahdara Branch 13/09/2022 DBAD/PUB 350.00 294.543 BAN EN-118577 1 350.00 English Books

© Delhi Public Library
Hit Counter
free hit counter